000 01376nam a2200313 i 4500
003 EG-GICUC
005 20260512125846.0
008 260512s1993 ua ||||fr|||| 00| 0 ara d
040 _a EG-GICUC
_bara
_c EG-GICUC
_d EG-GICUC
_erda
041 0 _aara
082 0 4 _221
_a345.4
_bب ش . ج
092 0 4 _221
099 _aLaw1 07 345.4 ب ش . ج 1993
100 0 _aبشار عبد الهادى
_eمؤلف.
245 1 2 _aالجوانب القانونية والعملية التي تحيط بالقسم القانون الذي يؤديه الموظف العام عند تعيينه في الوظيفة العامة :
_b(دراسة تحليلية مع التركيز على المملكة الأردنية الهاشمية) /
_cالدكتور بشار عبد الهادى
264 _a[مكان النشر غير محدد] :
_b[الناشر غير محدد],
_c1993.
300 _a81 ؛ صفحة
_c24 سم
336 _2rda content
_atext
337 _2rda media
_aComputer
338 _2rda carrier
_aOnline Resource
504 _aيشتمل علي ارجاعات ببليوجرافية
546 _aالنص باللغة العربية
650 1 4 _aالقانون الإداري
_2qrmak
650 1 4 _aالموظف العام
_2qrmak
651 1 _2qrmak
856 4 0 _uhttps://fll.law.cu.edu.eg/fulltext/bks/B07-03107.pdf
905 _a47
942 _2ddc
_n0
_cBK
_e21
999 _c76667
_d76667